00965cam a2200265 i 4500001000500000005001700005020001800022040005200040050002100092082001000113100003100123245007800154246001600232260005900248300005700307490003600364505000800400520011100408521002000519521002000539650003200559650004400591655003200635700003200667162020231204103659.0 a9781931636490 aYDXbengcYDXerdadOCPdOCLCFdCLEdOCLCOdDLC00aPZ7.C76982b200904a302.31 aCook, Juliad1964-eauthor10aBully B.E.A.N.S. /cwritten by Julia Cook ; illustrations by Tammie Lyon.3 aBully BEANS aChattanooga :bNational Center for Youth Issues,c2009 a30 unnumbered pages : bcolor illustrations c21 cm  aNational center for youth issue aM  aAn illustrated tale that teaches both children and adults how to be proactive when confronted by bullying. a530 bLexile  aM bRaz-Plus  0aBullyingvJuvenile fiction. 0aBullyingxPreventionvJuvenile fiction. 0aPicture books for children.1 aDufalla, Anitaeillustrator